| 000 | 00390nam a2200157Ia 4500 | ||
|---|---|---|---|
| 008 | 210210b1994 xxu||||| |||| 00| 0 eng d | ||
| 020 | _a81 237 0679 0 | ||
| 082 | _a621.45 ATHW | ||
| 100 | _aATHAWALE (Suneel B). | ||
| 245 | _aWind energy. | ||
| 260 |
_aNew Delhi. _bNational Book Trust _c1994 |
||
| 300 | _axiii,58 | ||
| 650 | _aWind Energy | ||
| 690 | _aWind Energy | ||
| 906 | _a048341 | ||
| 999 |
_c97226 _d97226 |
||